| 000 | 00745nam a2200205 a 4500 | ||
|---|---|---|---|
| 001 | 000005578 | ||
| 005 | 20200929151721.0 | ||
| 008 | 090820s1973 sp ab 000 0 spa d | ||
| 020 | _a8400038142 | ||
| 040 |
_aDO-SdBNP _bspa _cBNPHU |
||
| 082 |
_axxxx _bA816c |
||
| 100 | 1 |
_aAsencio Amor, Isidoro _915762 |
|
| 245 | 1 | 0 |
_aComportamiento y evolución de materiales graníticos en cuencas fluviales y diferentes climas. : _bestudio morfodinamico / _cIsidoro Asencio Amor. |
| 260 |
_aMadrid : _bCSIC, _c1973. |
||
| 300 |
_a122 p. ; _c25 cm. |
||
| 500 | _aIncluye refrencias bibliográficas y notas al pie de las páginas | ||
| 504 | _abibliografías (p.121-122) | ||
| 710 | 2 |
_aConsejo Superior de Investigaciones Cientifícas _94786 |
|
| 049 | _aBNPD | ||
| 999 |
_c5377 _d5377 |
||